FIFA World Cups - Statistics

General Stats
  • This quiz has been taken 387 times
  • The average score is 21 of 26
Answer Stats
Answer % Correct
Germany
99%
Germany
99%
France
97%
France
97%
Argentina
95%
Italy
94%
Italy
94%
Brazil
93%
Brazil
93%
Spain
93%
Uruguay
90%
Russia
89%
England
88%
Netherlands
85%
Qatar
85%
Croatia
84%
South Africa
82%
United States
81%
Japan/South Korea
78%
Mexico
69%
Mexico
69%
Sweden
66%
Hungary
64%
Switzerland
53%
Chile
52%
Czechoslovakia
22%
No matching quizzes found
Score Distribution
Percent of People with Each Score
Percentile by Number Answered
Your Score History
You have not taken this quiz